• 首页
  • 本馆介绍
  • 公告通知
  • 最新文献
  • 馆藏检索
  • 电子资源
  • 读者导购
  • 参考咨询
  • 我的图书馆
  • 登录
  • 详细信息显示
  • 放入我的书架
  • 预约/预借图书
  • 作者相关作品
  • 分类相关作品
  • 丛书相关作品
  • 出版社相关作品

书目信息

  • 表格格式
  • 工作单格式
  • 卡片格式
题名:
C++程序设计
    
 
作者: 陈蜀宇, 主编
分册:  
出版信息: 上海   上海交通大学出版社  2012.06
页数: 336页
开本: 26cm
丛书名:
单 册:
中图分类: TP312.8C++ , TP312.8
科图分类:
主题词: C++语言--C++ yu yan--高等学校--高等学校--教材
电子资源:
ISBN: 978-7-313-08548-1
000 00934nam0 2200265 450
001 2353739843
005 20231122145624.41
010    @a978-7-313-08548-1@dCNY49.00
100    @a20230308d2012 em y0chiy50 ea
101 0  @achi
102    @aCN@b310000
105    @ay a 000yy
200 1  @aC++程序设计@AC++ cheng xu she ji@f主编陈蜀宇
210    @a上海@c上海交通大学出版社@d2012.06
215    @a336页@d26cm
314    @a陈蜀宇, 重庆大学软件学院教授、博士生导师, 计算机软件与理论专业博士。
320    @a有书目 (第336页)
330    @a本书介绍了C++初步、数据类型与表达式、程序流程控制、函数与预处理、数组、指针与引用、函数模板、面向对象程序设计基础等。
333    @a21世纪高等学校计算机系列规划教材
606 0  @aC++语言@AC++ yu yan@x高等学校@x高等学校@j教材
690    @aTP312.8C++@v5
690    @aTP312.8@v4
701  0 @a陈蜀宇,@Achen shu yu@f1963-@4主编
801  0 @aCN@b人天书店@c20230308
905    @aBZT@dTP312.8@e34
    
    C++程序设计/主编陈蜀宇.-上海:上海交通大学出版社,2012.06
    336页;26cm
    使用对象:21世纪高等学校计算机系列规划教材
    
    ISBN 978-7-313-08548-1:CNY49.00
    本书介绍了C++初步、数据类型与表达式、程序流程控制、函数与预处理、数组、指针与引用、函数模板、面向对象程序设计基础等。
●
相关链接 在五车中查询图书 在当当中查询图书 在豆瓣中查询图书


正题名:C++程序设计     索取号:TP312.8/34         预约/预借

序号 登录号 条形码 馆藏地/架位号 状态 备注
1 2001071367   2001071367   东辅楼二楼书库/ [索取号:TP312.8/34] 在馆    
2 2001071368   2001071368   东辅楼二楼书库/ [索取号:TP312.8/34] 在馆    
3 2001071369   2001071369   东辅楼二楼书库/ [索取号:TP312.8/34] 在馆    
4 2001071370   2001071370   东辅楼二楼书库/ [索取号:TP312.8/34] 在馆    
5 2001071371   2001071371   东辅楼二楼书库/ [索取号:TP312.8/34] 在馆    
6 2001071372   2001071372   东辅楼二楼书库/ [索取号:TP312.8/34] 在馆    
7 2001071373   2001071373   东辅楼二楼书库/ [索取号:TP312.8/34] 在馆    
8 2001071374   2001071374   东辅楼二楼书库/ [索取号:TP312.8/34] 在馆    
9 2001071375   2001071375   东辅楼二楼书库/ [索取号:TP312.8/34] 在馆    
10 2001071376   2001071376   东辅楼二楼书库/ [索取号:TP312.8/34] 在馆    
11 2001071377   2001071377   东辅楼二楼书库/ [索取号:TP312.8/34] 在馆    
12 2001071378   2001071378   东辅楼二楼书库/ [索取号:TP312.8/34] 在馆    
13 2001071379   2001071379   东辅楼二楼书库/ [索取号:TP312.8/34] 在馆    
14 2001071380   2001071380   东辅楼二楼书库/ [索取号:TP312.8/34] 在馆    
15 2001071381   2001071381   东辅楼二楼书库/ [索取号:TP312.8/34] 在馆    
16 2001071382   2001071382   东辅楼二楼书库/ [索取号:TP312.8/34] 在馆    
17 2001071383   2001071383   东辅楼二楼书库/ [索取号:TP312.8/34] 在馆    
18 2001071384   2001071384   东辅楼二楼书库/ [索取号:TP312.8/34] 在馆    
19 2001071385   2001071385   东辅楼二楼书库/ [索取号:TP312.8/34] 在馆    
20 2001071386   2001071386   东辅楼二楼书库/ [索取号:TP312.8/34] 在馆    
21 2001071387   2001071387   东辅楼二楼书库/ [索取号:TP312.8/34] 在馆    
22 2001071388   2001071388   东辅楼二楼书库/ [索取号:TP312.8/34] 在馆    
23 2001071389   2001071389   东辅楼二楼书库/ [索取号:TP312.8/34] 在馆    
24 2001071390   2001071390   东辅楼二楼书库/ [索取号:TP312.8/34] 在馆    
25 2001071391   2001071391   东辅楼二楼书库/ [索取号:TP312.8/34] 在馆    
26 2001071392   2001071392   东辅楼二楼书库/ [索取号:TP312.8/34] 在馆    
27 2001071393   2001071393   东辅楼二楼书库/ [索取号:TP312.8/34] 在馆    
28 2001071394   2001071394   东辅楼二楼书库/ [索取号:TP312.8/34] 在馆    
29 2001071395   2001071395   东辅楼二楼书库/ [索取号:TP312.8/34] 在馆    
30 2001071396   2001071396   东辅楼二楼书库/ [索取号:TP312.8/34] 在馆    
山东省滨州职业学院图书馆 欢迎您!
大连网信软件有限公司© 版权所有